000 00927nam a2200253Ia 4500
003 OSt
005 20221005112339.0
006 a|||||r|||| 00| 0
007 ta
008 221004b |||||||| |||| 00| 0 pan d
020 _cINR 150.00
024 _a68357
037 _b1195, 20/02/2020, H.K. Prakashan
_cTextual
040 _aCRL
_cCRL
_bpan
041 _2pan
_apan
082 _aQ8441, 153Q9
100 _aਸਿੰਘ, ਸੁਖਦਿਆਲ, ਂਚ.
245 0 _aਗ਼ਫਰਨਾਮਾ
_b ਇਤਿਹਾਸਕ ਅਤੇ ਰਾਜਨੀਤਿਕ ਸੰਦਰਭ ਵਿੱਚ
260 _aਸਮਾਣਾ
_bਸੰਗਮ ਪਬਲੀFਰਗ਼ ਭਾਰਤ
_c2019
300 _a127ਪ੍ਰ0
_ccm.
650 _aਸਿੱਖ ਧਰਮ
_9156314
942 _hQ8441, 153Q9
_cTEXL
_2cc
999 _c1024625
_d1024625